000 00636cam a22002413a 4500
001 11930
003 PGUSA
005 20140828083242.0
008 040401s2004||||xxu|||||s|||||000 | eng d
040 _aPGUSA
_beng
042 _adc
050 4 _aPS
100 1 _aAde, George,
_d1866-1944
245 1 0 _aMore Fables
_h[electronic resource] /
_cGeorge Ade
260 _bProject Gutenberg,
_c2004
506 _aPublic domain in the USA.
516 _aElectronic text
653 _aAmerican wit and humor
653 _aFables
830 0 _aProject Gutenberg
_v11930
856 4 0 _uhttp://www.gutenberg.org/ebooks/11930
942 _cEB
999 _c241185
_d241185